00697cam a22001937a 4500003000500000005001700005008004100022010001000063011001000073035001000083040000900093100004100102245010400143260004100247300002200288502010400310650004700414650004200461CHAP20220817043859.0030307d2002 mx r 00110 spa d a86910 a87882 a98426 cCHAP00aGuillén Alvarado, Mauricio Arturo.10aImpacto del TLCAN en la producción de caña de azúcarc/por Mauricio Arturo Guillén Alvarado aChapingo, Méx. :bEl autor,c2002. a61 h. :b+ anexos aTesis (Lic. en Economía Agrícola) -- UACH. Departamento de Ciencias Económico-Administrativas14aCaña de azúcarxAspectos económicos.14aTratado Trilateral de Libre Comercio.